000 00480nam a22001697a 4500
005 20251108172157.0
008 250721s1995 xx 000 0 ara d
082 1 4 _a748/محم
100 1 _aزينهم، محمد
245 1 0 _aتكنولوجيا فن الزجاج /
264 1 _aالقاهرة :
_bالهيئة المصرية العامة للكتاب،
_c1995.
300 _a258ص
650 1 7 _aالزجاج
650 1 7 _aالرسم
942 _2ddc
_cBK
999 _c72387
_d72387